Física / (Record no. 65004)

MARC details
000 -LEADER
campo de control de longitud fija 00688nam a2200181 i 4500
001 - NÚMERO DE CONTROL
campo de control 65004
003 - IDENTIFICADOR DE NÚMERO DE CONTROL
campo de control ES-MaACL
005 - FECHA Y HORA DE LA ÚLTIMA TRANSACCIÓN
campo de control 20230906165258.0
007 - CAMPO FIJO DE DESCRIPCIÓN FÍSICA--INFORMACIÓN GENERAL
campo de control de longitud fija t|
008 - DATOS DE LONGITUD FIJA--INFORMACIÓN GENERAL
campo de control de longitud fija 040108s1966 sp ||||1| spa d
100 1# - ENTRADA PRINCIPAL--NOMBRE DE PERSONA
Nombre de persona Franeau, Jacques.
9 (RLIN) 52290
245 10 - MENCIÓN DEL TÍTULO
Título Física /
Mención de responsabilidad, etc. Jacques Franeau ; traducido por Pablo Barrón Egusquiza.
260 ## - PUBLICACIÓN, DISTRIBUCIÓN, ETC.
Lugar de publicación, distribución, etc. Bilbao :
Nombre del editor, distribuidor, etc. Urmo,
Fecha de publicación, distribución, etc. [1966]
300 ## - DESCRIPCIÓN FÍSICA
Extensión 2 v. :
Otras características físicas il. ;
Dimensiones 25 cm.
505 8# - NOTA DE CONTENIDO CON FORMATO
Nota de contenido con formato Contiene: V. 1: Mecánica física. Calor. Electricidad. Optica geométrica. Fenómenos ondulatorios. -- V. 2: Relatividad. Mecánica. Cuántica. Física atómica. Física nuclear
700 1# - ENTRADA AGREGADA--NOMBRE PERSONAL
Nombre de persona Barron Egusquiza, Pablo.
9 (RLIN) 26043
852 ## - LOCALIZACIÓN
Ubicación ES-MaACL
Número de control de estantería C-31517-8
Sublocalización o colección R.61849
Holdings
Estatus retirado Estado de pérdida Estado de daño No para préstamo Biblioteca de origen Biblioteca actual Ubicación en estantería Fecha de adquisición Fuente de adquisición Total de préstamos Signatura topográfica completa Código de barras Visto por última vez Precio de reemplazo Tipo de ítem Koha
        Biblioteca del Ateneo de Madrid Biblioteca del Ateneo de Madrid Depósito 2 17/01/2008     C-31517-8 1068108 23/02/2023 23/02/2023 Libro impreso